Painting portraits, nudes & clothed figures /

Bibliographic Details
Main Author: De Ruth, Jan, 1922-1991
Format: Book
Language:English
Published: New York : Watson-Guptill, 1981.
Subjects:

MARC

Tag First Indicator Second Indicator Subfields
LEADER 00000pam a2200000 a 4500
001 in00000071976
005 20151008062505.0
008 810610s1981 nyua 00110 eng
010 |a  81010349  
020 |a 0823037282 
035 |a (OCoLC)07572270 
035 |9 AAK0330AM 
039 0 |a 2  |b 3  |c 3  |d 3  |e 3 
040 |a DLC  |c DLC  |d TXA  |d UtOrBLW 
049 |a TXAM  |c [387394] 
050 0 0 |a ND1302  |b .D39 
082 0 |a 751.45/42  |2 19 
100 1 |a De Ruth, Jan,  |d 1922-1991. 
245 1 0 |a Painting portraits, nudes & clothed figures /  |c by Jan DeRuth. 
264 1 |a New York :  |b Watson-Guptill,  |c 1981. 
300 |a 144 pages :  |b illustrations (some color) ;  |c 29 cm. 
336 |a text  |b txt  |2 rdacontent 
337 |a unmediated  |b n  |2 rdamedia 
338 |a volume  |b nc  |2 rdacarrier 
500 |a Includes index. 
650 0 |a Portrait painting  |x Technique. 
650 0 |a Nude in art. 
650 0 |a Human figure in art. 
740 0 |a Painting portraits, nudes, and clothed figures. 
999 |a MARS 
999 f f |s e7016688-bd01-3d08-9429-aeb6546b56f0  |i 7ba3aa6e-a5a8-3479-a0f5-9323c40e6cbe  |t 0 
952 f f |p normal  |a Texas A&M University  |b College Station  |c Sterling C. Evans Library  |d Evans: Library Stacks  |t 0  |e ND1302 .D39  |h Library of Congress classification  |i unmediated -- volume  |m A14806170151 
998 f f |a ND1302 .D39  |t 0  |l Evans: Library Stacks